| 000 | 00814nam a22002297a 4500 | ||
|---|---|---|---|
| 001 | 76464 | ||
| 003 | BD-RjUL | ||
| 005 | 20211209082840.0 | ||
| 008 | 191210s2019 bg ||||| |||| 00| 0 ben d | ||
| 020 | _a9789848052174 | ||
| 035 | _a(BD-RjUL)76685 | ||
| 040 |
_aBD-RjUL _beng _cBD-RjUL |
||
| 041 | _aeng | ||
| 082 |
_223 _a891.44092 _bDAA 2019 |
||
| 100 |
_aদস্তিদার, শিপ্রা রক্ষিত _9236206 |
||
| 245 |
_aঅস্হির তরী / _cশিপ্রা রক্ষিত দস্তিদার |
||
| 260 |
_aচট্রগ্রাম : _bখড়িমাটি, _c২০১৯ |
||
| 300 |
_a২২৮ পৃ. ; _c২২ সেমি. |
||
| 600 |
_aDastider, Shipra Raksit _xBiography _9236199 |
||
| 650 |
_aBengali, Author _xBiography _9236207 |
||
| 942 |
_2ddc _cBK |
||
| 999 |
_c76464 _d76464 |
||